000
00332nam a2200145Ia 4500
008
230711s9999||||xx |||||||||||||| ||und||
041
_a
ENG
082
_a
621
_b
MA-D
100
_a
Malik G.S
245
0
_a
Dynamics of particle
250
_a
7th
260
_c
1989
_a
New Delhi
_b
Meerat Kedar Nath & Co
650
_a
Physics
942
_c
BK
999
_c
252
_d
252